|
|
|
|
| LEADER |
00000nam a2200000 a 4500 |
| 001 |
UCW7600 |
| 003 |
CL-VaPUC |
| 008 |
930514e19690500MX |||||||||||||||||spa|d |
| 082 |
0 |
4 |
|a 418.4
|b SHA
|2 21
|
| 100 |
0 |
|
|a Shaill, William S
|e author
|9 312801
|
| 245 |
1 |
0 |
|a Cómo leer más rápido en 7 días
|
| 300 |
|
|
|a 179 p
|
| 942 |
|
|
|c BK
|
| 945 |
|
|
|d 19930514 00:00:00
|
| 260 |
|
|
|a Ciudad de México
|b Diana
|c 1969
|
| 650 |
|
0 |
|a Lectura veloz
|9 310853
|
| 650 |
|
7 |
|a LECTURA ORAL
|2 CL-VaPUC
|9 308126
|
| 583 |
|
|
|a last modification
|c 19930514 00:00:00
|k Rodrigo Vera
|
| 999 |
|
|
|c 220310
|d 220308
|
| 952 |
|
|
|0 0
|1 0
|4 0
|6 418_400000000000000_SHA_1969
|7 0
|8 A
|9 212329
|a BIBEDU
|b BIBEDU
|d 2019-11-15
|i 2805685
|o 418.4 SHA 1969
|p 2805685
|r 2019-11-15
|w 2019-11-15
|y BK
|k EDU
|
| 952 |
|
|
|0 0
|1 0
|4 0
|6 418_400000000000000_SHA_1969
|7 0
|8 A
|9 212330
|a BIBEDU
|b BIBEDU
|d 2019-11-15
|i 1551302
|o 418.4 SHA 1969
|p 1551302
|r 2019-11-15
|w 2019-11-15
|y BK
|k EDU
|
| 952 |
|
|
|0 0
|1 0
|4 0
|6 418_400000000000000_SHA_1969
|7 0
|8 A
|9 212331
|a BIBEDU
|b BIBEDU
|d 2019-11-15
|i 1551310
|o 418.4 SHA 1969
|p 1551310
|r 2019-11-15
|w 2019-11-15
|y BK
|k EDU
|
| 952 |
|
|
|0 0
|1 0
|4 0
|6 418_400000000000000_SHA_1969
|7 0
|8 A
|9 212332
|a BIBEDU
|b BIBEDU
|d 2019-11-15
|i 1551329
|o 418.4 SHA 1969
|p 1551329
|r 2019-11-15
|w 2019-11-15
|y BK
|k EDU
|
| 952 |
|
|
|0 0
|1 0
|4 0
|6 418_400000000000000_SHA_1969
|7 0
|8 A
|9 212333
|a BIBEDU
|b BIBEDU
|d 2019-11-15
|i 1231707
|o 418.4 SHA 1969
|p 1231707
|r 2019-11-15
|w 2019-11-15
|y BK
|k EDU
|